000 00407pab a2200145 454500
008 180718b1988 xxu||||| |||| 00| 0 eng d
100 _aHasan, Mushirul
245 _aIn search of integration and indentity
_bIndian Muslims since independence
260 _c1988
300 _a2467-78
362 _aSpecial No.
650 _aMohammedans in India
773 _aEconomic and Political Weekly
909 _a13606
999 _c13606
_d13606